00504nam a2200133Ia 4500008004100000050002400041100002200065245007700087260004500164300004100209500005600250650002100306650004300327150609s9999 xx 000 0 und d aRA 976b.Ab152 2015 aAblaza, Gerald G. aClinic management system for elizabeth seton school /cGerald G. Ablaza. aLas Piñas, Philippines :bSISC,c2015. a194 pages :billustrations ;c28 cm. aIncludes bibliographical references and appendices. aMedical records aMedical records system, Computerized